| 000 | 00747nam a2200205Ia 4500 | ||
|---|---|---|---|
| 999 |
_c39531 _d39531 |
||
| 001 | 6127 | ||
| 003 | GE_BSU | ||
| 005 | 20190923173339.0 | ||
| 008 | 181216s1960||||ge |||||||||||||| ||geo|| | ||
| 040 | _cGE_BSU | ||
| 041 | _ageo | ||
| 080 | _a821.353.1-32 ა-96 | ||
| 245 |
_aახალგაზრდა მწერლები : _bმოთხრობები / _cრედ. რ. ჯაფარიძე. |
||
| 264 |
_aთბილისი : _bნაკადული ; _c1960. |
||
| 300 |
_a242 გვ. ; _c21 სმ. |
||
| 653 | _aახალგაზრდა მწერლები | ||
| 653 | _aმოთხრობები | ||
| 700 |
_aჯაფარიძე, რ. _eრედაქტორი _94254 |
||
| 942 |
_cBK _2udc |
||